000 00343nam a2200133Ia 4500
005 20260326100029.0
008 260326s9999||||xx |||||||||||||| ||und||
100 _aMarco Dorta, Enrique
245 0 _aCartagena de Indias /
_cEnrique Marco Dorta
260 _bGraficas Condor
300 _a369 p.
650 _aARQUITECTURA REGIONAL
942 _cBK
999 _c6547
_d6547